000 00614nam a2200217 a 4500
001 51146
003 BD-RjUL
005 20211209075621.0
008 160829s1953 enkah 000 0 eng d
035 _a(BD-RjUL)51266
040 _aBD-RjUL
_beng
_cBD-RjUL
_dBD-RjUL
041 _aeng
082 _a516
_223
_bTUC 1953
100 1 _aTuckey, C. O.
_9153005
245 1 0 _aCoordinate geometry /
_cC. O. Tuckey, and W. Armistead
260 _aNew York :
_bGreen and co.,
_c1953
300 _axi, 462 p. :
_bill. ;
_c30 cm.
650 0 _aGeometry, Analytic
_9153006
700 _aArmistead, W.
_9153007
942 _2ddc
_cBK
999 _c51146
_d51146